| 000 | 01255nmc a2200349 a 4500 | ||
|---|---|---|---|
| 003 | AR-BaBNM | ||
| 005 | 20251128210305.0 | ||
| 008 | 011101s1998 ||||||||||||||000 | spa|| | ||
| 020 | _a950-12-6120-4 | ||
| 040 | _cAR-BaBNM | ||
| 100 | 1 | _aFernández, Lidia M. | |
| 245 | 1 | 0 |
_aEl análisis de lo institucional en la escuela _bun aporte a la formación autogestionaria para el uso de los enfoques institucionales : cuaderno de control. 4 |
| 250 | _a1ª ed. | ||
| 260 |
_aBuenos Aires _bPaidós _c1998 |
||
| 300 |
_a65 p. _btablas |
||
| 490 | 0 |
_aCuestiones de educación _vv. 22 |
|
| 500 | _aEsta obra consta de cuatro volúmes, se debe comenzar la lectura por "Cuadernos de trabajo", en el cual se esbozan los lineamientos de esta propuesta | ||
| 650 | 4 | _aMARCO DE REFERENCIA INSTITUCIONAL | |
| 650 | 4 | _aORGANIZACION ESCOLAR | |
| 650 | 4 | _aESTUDIOS DE CASOS | |
| 653 | _aANALISIS INSTITUCIONAL | ||
| 653 | _aORGANIZACION DEL TIEMPO ESCOLAR | ||
| 653 | _aTRABAJO ESCOLAR | ||
| 653 | _aESPACIOS EDUCATIVOS | ||
| 653 | _aINVESTIGACION EDUCATIVA | ||
| 700 | 1 | _aNicastro, Sandra | |
| 700 | 1 | _aSilva, Ana María | |
| 800 | 1 |
_aDelgadillo, María Carmen _edirector |
|
| 800 | 1 |
_aAlen, Beatríz _edirector |
|
| 942 | _cBK | ||
| 998 | _cRAQUEL | ||
| 999 |
_c14814 _d14814 |
||